The leukemia-lymphoma cell line (Record no. 219426)
[ view plain ]
| 000 -LEADER | |
|---|---|
| fixed length control field | 01381nam a2200361Ia 4500 |
| 082 04 - DEWEY DECIMAL CLASSIFICATION NUMBER | |
| Classification number | 616.99419027 |
| 100 1# - MAIN ENTRY--AUTHOR NAME | |
| Personal name | Drexler, Hans G. |
| 245 14 - TITLE STATEMENT | |
| Title | The leukemia-lymphoma cell line |
| 260 ## - PUBLICATION, DISTRIBUTION, ETC. (IMPRINT) | |
| Place of publication | San Diego, Calif. ; |
| -- | London : |
| Name of publisher | Academic, |
| Year of publication | c2001. |
| 300 ## - PHYSICAL DESCRIPTION | |
| Number of Pages | xv, 733 p. : |
| Other physical details | ill. |
| 490 1# - SERIES STATEMENT | |
| Series statement | Factsbook series |
| 650 #0 - SUBJECT ADDED ENTRY--TOPICAL TERM | |
| Topical Term | Leukemia |
| Topical Term | Lymphomas |
| Topical Term | Cell lines |
| Topical Term | Cancer cells |
| Topical Term | Human cell culture. |
| 856 40 - ELECTRONIC LOCATION AND ACCESS | |
| Uniform Resource Identifier | http://site.ebrary.com/lib/rucke/Doc?id=10190925 |
No items available.
